ACOUSTIC SPECTROSCOPY OF NANOSTRUCTURES IN CONDENSED MATTER

Bibliographic Details
Main Author: Bury, Peter, 1949- (Author)
Format: Article
Language:English

MARC

LEADER 00000nab a2200000uu 4500
001 vtls011153564
003 SK-MaSNL
005 20260303225115.0
008 230222|2013 xo |||||||||||||||||eng|
015 |a SNBRB 
035 |a (urnnbn)urn:nbn:sk:snk:ar-a0a5uk 
035 |a (uuid)b64077d5-5578-41b7-97fb-a84859604bcd 
035 |a urn:nbn:sk:snk-abb2i5 
040 |a SNKBUCL  |b slo  |c SNKBUCL  |e AACR2 
041 0 |a eng 
044 |a xo  |c SK 
100 1 |a Bury, Peter,  |d 1949-  |4 aut  |9 242060 
245 1 0 |a ACOUSTIC SPECTROSCOPY OF NANOSTRUCTURES IN CONDENSED MATTER  |c Peter Bury 
773 0 |t Acta electrotechnica et informatica : (Tlačené vyd.)  |g Roč. 13, č. 1 (2013), s. 16-21 
954 |a odborná, vedecká literatúra cudzojazyčná (svetová)  |2 lita 
958 |a OND 
958 |a EUIPO 
958 |a article14 
999 |c 2255709  |d 2257639